00522nab a2200169uuc4500001000800000005001700008008004100025035001200066035002100078040001300099041000800112100002600120245005400146260001000200700002900210773011300239109935220240202085316.0080825s2000 eng  a1099352 a(OCoLC)820438357 ccomduadb aeng10aKraay, Aart4auteaut10aCurrent accounts in debtor and creditor countries c2000.10aVentura, Jaume4auteaut0 tQuarterly Journal of Economics (Cambridge)gVol. 115, No. 463, 2000, p. 1137-1166w271970x0033-55330100128